000 00465nam a2200181Ia 4500
003 GCL
008 140319s9999 xx 000 0 eng d
040 _aGCL /
_cGCL
082 0 4 _a005.43
_bI C
100 1 _aINVESIBLE, INC
245 1 0 _aCOMPTON'S INTERACTIVE ENCYCLOPEDIA /
_cINVESIBLE, INC
260 _a[S.N] :
_bINVESIBLE, INC ،
_c1997
300 _a68 P
650 0 4 _aWINDOWS
650 0 4 _aSOFT WARE
650 0 4 _aCOMPUTER - PROPGRAMME
942 _2ddc
_cBK
999 _c14445
_d14445